[Event "21e tournoi 1hKO"]
[Site "Montigny le Bretonneux"]
[Date "2017.05.27"]
[Round "5.8"]
[White "Artieres, Michel"]
[Black "Sagon, Lancelot"]
[Result "1-0"]
[WhiteElo "1753"]
[BlackElo "1449"]
[Annotator "Rivier,Sylvain"]
[PlyCount "121"]
[EventDate "2017.??.??"]
[WhiteTeam "La Dame Noire"]
[BlackTeam "La Dame Noire"]

{Partie espagnole, défense Steinitz} 1. e4 e5 2. Nf3 Nc6 3. Bb5 d6 4. d4 exd4
5. Nxd4 Nge7 6. O-O g6 7. Bg5 Bd7 8. Bf6 Rg8 9. Nxc6 bxc6 10. Bc4 Bg7 11. Qf3
Be6 12. Bxe6 fxe6 13. Bxg7 Rxg7 14. Qf6 Rf7 15. Qxe6 Qd7 16. Qb3 c5 17. Nd2 Nc6
18. c3 Rb8 19. Qc2 Qg4 20. Nc4 Kd7 21. Rad1 h5 22. e5 Qxc4 23. Qxg6 Nxe5 24.
Qxh5 Rxb2 25. Qxe5 Rxa2 26. Rfe1 Kc6 27. Qe8+ Kb6 28. Rb1+ Ka5 29. Re4 Qd3 30.
Ree1 Rfxf2 31. Qc6 Rxg2+ 32. Qxg2 Rxg2+ 33. Kxg2 Qxc3 34. Rec1 Qd2+ 35. Kg3
Qd3+ 36. Kg4 c4 37. h4 c3 38. h5 c2 39. Ra1+ Kb4 40. Rh1 Kb3 41. Rh3 Qxh3+ 42.
Kxh3 Kb2 43. Rh1 c1=Q 44. Rxc1 Kxc1 45. h6 c5 46. h7 c4 47. h8=Q Kc2 48. Qd4 c3
49. Qxd6 Kb2 50. Qb4+ Kc2 51. Kg3 Kd2 52. Qd4+ Kc2 53. Kf3 a5 54. Ke2 Kb2 55.
Kd1 Kb3 56. Qd3 a4 57. Kc1 a3 58. Qc2+ Kb4 59. Kb1 Kc4 60. Ka2 Kb4 61. Qb3+ 1-0

[Event "21e tournoi 1hKO"]
[Site "Montigny le Bretonneux"]
[Date "2017.05.27"]
[Round "5.9"]
[White "Privat, Jean-Claude"]
[Black "Marchal, Gregory"]
[Result "0-1"]
[WhiteElo "1633"]
[BlackElo "1500"]
[Annotator "Rivier,Sylvain"]
[PlyCount "94"]
[EventDate "2017.??.??"]
[WhiteTeam "La Dame Noire"]
[BlackTeam "Club d'Echecs du Vesinet"]

{Gambit dame, défense semi-slave} 1. d4 Nf6 2. c4 e6 3. Nf3 d5 4. Nc3 c6 5. e3
h6 6. Bd3 Nbd7 7. O-O Be7 8. e4 dxe4 9. Nxe4 Nb6 10. Ng3 Bd6 11. Qc2 O-O 12.
Ne4 Be7 13. Bf4 Nh5 14. Be3 Nf6 15. Rad1 Re8 16. Bf4 Nbd7 17. Ng3 Nf8 18. Rfe1
Bd6 19. Bxd6 Qxd6 20. Ne4 Qe7 21. Nc3 Rd8 22. Ne4 N8h7 23. Ng3 Nf8 24. Qb3 Qc7
25. Bb1 N8d7 26. Qc2 Nf8 27. Qb3 N8d7 28. Ne5 Rb8 29. Nxd7 Nxd7 30. Qf3 Nf8 31.
Qe4 b6 32. b4 Bb7 33. Qg4 Qe7 34. c5 Rd5 35. Nf5 Qf6 36. Nd6 Rg5 37. Qe4 Ba6
38. Re3 Qg6 39. Qxc6 Qh5 40. Qf3 Qxf3 41. Rxf3 Be2 42. Nxf7 Bxf3 43. Nxg5 Bxd1
44. Nxe6 Nxe6 45. d5 Nxc5 46. d6 Bg4 47. bxc5 bxc5 0-1

[Event "21e tournoi 1hKO"]
[Site "Montigny le Bretonneux"]
[Date "2017.05.27"]
[Round "5.10"]
[White "Suinot, Laurent"]
[Black "Colette, Thierry"]
[Result "1-0"]
[WhiteElo "1623"]
[BlackElo "1371"]
[Annotator "Rivier,Sylvain"]
[PlyCount "75"]
[EventDate "2017.??.??"]
[WhiteTeam "Villepreux "]
[BlackTeam "La Dame Noire"]

{Ouverture irrégulière} 1. b4 e5 2. Bb2 d6 3. c4 Nf6 4. Nc3 Be6 5. e3 Bd7 6.
Nf3 a6 7. Be2 Be7 8. O-O O-O 9. d4 exd4 10. exd4 Bg4 11. h3 Bxf3 12. Bxf3 c6
13. d5 Qc7 14. Qd3 Nbd7 15. Ne4 Ne5 16. Bxe5 dxe5 17. d6 Rfd8 18. c5 Nxe4 19.
Qxe4 Qd7 20. dxe7 Qxe7 21. Rad1 a5 22. Rxd8+ Rxd8 23. a3 axb4 24. axb4 Rd4 25.
Qb1 h6 26. Rd1 Rf4 27. Rd6 Qg5 28. Qd3 Rd4 29. Rxd4 exd4 30. Qxd4 g6 31. g3 Qf5
32. Kg2 Qb1 33. Qd8+ Kg7 34. Qb6 g5 35. Qxb7 Kg6 36. Qxc6+ f6 37. Be4+ Kh5 38.
Bxb1 1-0

[Event "21e tournoi 1hKO"]
[Site "Montigny le Bretonneux"]
[Date "2017.05.27"]
[Round "5.11"]
[White "Fasquelle, Cedric"]
[Black "Bouloc, Roger"]
[Result "1-0"]
[WhiteElo "1517"]
[BlackElo "1446"]
[Annotator "Rivier,Sylvain"]
[PlyCount "75"]
[EventDate "2017.??.??"]
[WhiteTeam "Saint-Quentin en Yvelines"]
[BlackTeam "La Dame Noire"]

1. e4 d5 2. exd5 Nf6 3. Nf3 Bg4 4. c4 c6 5. dxc6 Nxc6 6. Be2 a6 7. O-O e6 8. b3
Bd6 9. Bb2 O-O 10. Nc3 Re8 11. Qc2 Bxf3 12. Bxf3 Nd4 13. Qd3 Nxb3 14. Nd5 Nxd5
15. Qxb3 Nb6 16. Rfe1 Qc7 17. Qc3 f6 18. Rxe6 Be5 19. Qb3 Bxb2 20. c5 Kh8 21.
Qxb2 Qxc5 22. Rxb6 Red8 23. Rxb7 Qa5 24. Rd1 Rd6 25. Rb8+ Rd8 26. Rxd8+ Rxd8
27. d4 Qc7 28. d5 Rb8 29. Qc2 Qd6 30. Qc6 Rd8 31. Qxd6 Rxd6 32. Re1 h6 33. Re6
Rxe6 34. dxe6 Kg8 35. Bd5 Kf8 36. Kf1 Ke7 37. Ke2 Kd6 38. f3 {suite illisible}
1-0

[Event "21e tournoi 1hKO"]
[Site "Montigny le Bretonneux"]
[Date "2017.05.27"]
[Round "5.12"]
[White "Payot, Guillaume"]
[Black "Montay, Jean-Paul"]
[Result "1/2-1/2"]
[WhiteElo "1273"]
[BlackElo "1343"]
[Annotator "Rivier,Sylvain"]
[PlyCount "49"]
[EventDate "2017.??.??"]
[WhiteTeam "La Dame Noire"]
[BlackTeam "La Dame Noire"]

{Gambit dame, défense orthodoxe} 1. d4 d5 2. c4 e6 3. Nc3 Nf6 4. Bg5 Be7 5. e3
O-O 6. cxd5 Nxd5 7. Bxe7 Qxe7 8. Bd3 Nd7 9. Nf3 f5 10. O-O c6 11. Re1 e5 12.
Bc4 e4 13. Nd2 N7f6 14. f3 Kh8 15. fxe4 Nxc3 16. bxc3 Nxe4 17. Qe2 Nxc3 18. Qf3
Ne4 19. Nxe4 fxe4 20. Qh5 Rf5 21. Qe2 Be6 22. Rf1 Raf8 23. Bxe6 Qxe6 24. Qb2
Qf7 25. Qe2 1/2-1/2

[Event "21e tournoi 1hKO"]
[Site "Montigny le Bretonneux"]
[Date "2017.05.27"]
[Round "5.13"]
[White "Benbakir, Ameur"]
[Black "Marchal, Madeleine"]
[Result "1-0"]
[WhiteElo "1486"]
[BlackElo "1070"]
[Annotator "Rivier,Sylvain"]
[PlyCount "53"]
[EventDate "2017.??.??"]
[WhiteTeam "La Dame Noire"]
[BlackTeam "Club d'Echecs du Vesinet"]

{Partie italienne} 1. e4 e5 2. Nf3 Nc6 3. Bc4 Bb4 4. c3 Bc5 5. d4 exd4 6. cxd4
Bb4+ 7. Nc3 d6 8. O-O Bg4 9. Qd3 Qf6 10. Nd5 Qd8 11. e5 dxe5 12. Nxe5 Bd6 13.
Nxg4 b5 14. Bxb5 Qd7 15. Qe4+ Nge7 16. Nxe7 Bxe7 17. Bxc6 f5 18. Bxd7+ Kxd7 19.
Qxf5+ Ke8 20. Re1 Rd8 21. Bg5 Rd7 22. Ne5 Rd5 23. Qf7+ Kd8 24. Bxe7+ Kc8 25.
Qxd5 c6 26. Qxc6+ Kb8 27. Bd6# 1-0

[Event "21e tournoi 1hKO"]
[Site "Montigny le Bretonneux"]
[Date "2017.05.27"]
[Round "5.14"]
[White "Sondermeijer, Antoine"]
[Black "Zareli, Youssef"]
[Result "1-0"]
[WhiteElo "1399"]
[BlackElo "1009"]
[Annotator "Rivier,Sylvain"]
[PlyCount "91"]
[EventDate "2017.??.??"]
[WhiteTeam "La Dame Noire"]
[BlackTeam "La Dame Noire"]

{Ouverture anglaise, variante sicilienne inversée} 1. c4 e5 2. g3 Nc6 3. Nc3
Nf6 4. Bg2 d5 5. cxd5 Nd4 6. e3 Nf5 7. Nf3 Nxd5 8. Nxe5 Bd6 9. Nxf7 Kxf7 10.
Qh5+ g6 11. Bxd5+ Be6 12. Bxe6+ Kxe6 13. Qf3 Rf8 14. Qxb7 Qc8 15. Qd5+ Kd7 16.
O-O Ne7 17. Qg2 Rb8 18. Qh3+ Nf5 19. Qxh7+ Be7 20. Qxg6 Rf6 21. Qg4 Rb4 22. e4
Kc6 23. Nd5 Re6 24. Nxb4+ Bxb4 25. exf5 Re8 26. Qxb4 Qxf5 27. Qa4+ Qb5 28.
Qxb5+ Kxb5 29. f4 Rf8 30. d4 Rd8 31. Be3 c6 32. Rfc1 a5 33. Rc5+ Kb6 34. Rac1
Rc8 35. d5 Kb7 36. dxc6+ Kb8 37. Rb5+ Ka8 38. Rxa5+ Kb8 39. f5 Re8 40. c7+ Kc8
41. Ra8+ Kd7 42. Rxe8 Kxe8 43. c8=Q+ Kf7 44. Qe6+ Kg7 45. Rc7+ Kf8 46. Qc8# 1-0

[Event "21e tournoi 1hKO"]
[Site "Montigny le Bretonneux"]
[Date "2017.05.27"]
[Round "5.15"]
[White "Carbonero, Jean Marc"]
[Black "Trevisiol, Antoine"]
[Result "0-1"]
[WhiteElo "1136"]
[BlackElo "1194"]
[Annotator "Rivier,Sylvain"]
[PlyCount "84"]
[EventDate "2017.??.??"]
[WhiteTeam "Saint-Quentin en Yvelines"]
[BlackTeam "Maubuee-Gondoire Echecs"]

{Défense française, variante d'avance} 1. e4 e6 2. e5 d5 3. d4 c5 4. c3 Nc6
5. Bb5 Qb6 6. a4 a6 7. Bxc6+ Qxc6 8. Be3 cxd4 9. Bxd4 Bc5 10. Nf3 Ne7 11. b4
Bxd4 12. Nxd4 Qc7 13. Qe2 Ng6 14. Nf3 Bd7 15. O-O O-O 16. Rd1 Rfd8 17. Nbd2
Qxc3 18. Rab1 Qc7 19. Rdc1 Qb6 20. a5 Qb5 21. Nd4 Qxe2 22. Nxe2 Bb5 23. Nd4 Bd3
24. Rb3 Nxe5 25. f4 Bc4 26. fxe5 Bxb3 27. N2xb3 Rac8 28. Rxc8 Rxc8 29. Nc5 Rb8
30. Nd7 Rc8 31. Nb6 Rc1+ 32. Kf2 Rb1 33. Kg3 Rxb4 34. Nc2 Rb5 35. Nd7 Rxa5 36.
Kf3 b5 37. Nc5 Kf8 38. Nb4 Ra3+ 39. Kg4 a5 40. Nc2 Rc3 41. Nd7+ Ke7 42. Nd4 Rc4
0-1

[Event "21e tournoi 1hKO"]
[Site "Montigny le Bretonneux"]
[Date "2017.05.27"]
[Round "6.1"]
[White "Couradin, Bruno"]
[Black "Tornare, Michel"]
[Result "0-1"]
[WhiteElo "1550"]
[BlackElo "1835"]
[Annotator "Rivier,Sylvain"]
[PlyCount "74"]
[EventDate "2017.??.??"]
[WhiteTeam "La Dame Noire"]
[BlackTeam "C.S.M. Puteaux Echecs"]

{Défense scandinave} 1. e4 d5 2. exd5 Qxd5 3. Nc3 Qd8 4. d4 Nf6 5. Nf3 c6 6.
h3 Bf5 7. a4 e6 8. Bc4 Bb4 9. Bd2 Nbd7 10. O-O O-O 11. Re1 Nb6 12. Bb3 h6 13.
a5 Nbd7 14. Ne4 Bxd2 15. Nexd2 c5 16. c3 Qc7 17. Bc2 Bxc2 18. Qxc2 Rac8 19. Ne4
Nxe4 20. Qxe4 Rfd8 21. a6 b6 22. Qb7 Qb8 23. Ne5 Nxe5 24. dxe5 Rd5 25. Red1
Qxb7 26. axb7 Rb8 27. Rxd5 exd5 28. Rd1 Rxb7 29. Rxd5 Kf8 30. f4 Ke7 31. Kf2
Rd7 32. g4 Ke6 33. f5+ Ke7 34. f6+ gxf6 35. exf6+ Ke6 36. Rh5 Kxf6 37. Rxh6+
Kg7 0-1

[Event "21e tournoi 1hKO"]
[Site "Montigny le Bretonneux"]
[Date "2017.05.27"]
[Round "6.2"]
[White "Forissier, Nicolas"]
[Black "Trevisiol, Thierry"]
[Result "1-0"]
[WhiteElo "1985"]
[BlackElo "1611"]
[Annotator "Rivier,Sylvain"]
[PlyCount "29"]
[EventDate "2017.??.??"]
[WhiteTeam "La Dame Noire"]
[BlackTeam "Maubuee-Gondoire Echecs"]

{Gambit dame, défense semi-slave} 1. d4 e6 2. c4 d5 3. Nc3 c6 4. e3 Nf6 5. Nf3
dxc4 6. Bxc4 b5 7. Bd3 Bb7 8. O-O Nbd7 9. e4 Rc8 10. e5 Nd5 11. Ng5 Nxc3 12.
bxc3 g6 13. Qf3 Qe7 14. a4 Nb6 15. Ne4 1-0

[Event "21e tournoi 1hKO"]
[Site "Montigny le Bretonneux"]
[Date "2017.05.27"]
[Round "6.3"]
[White "Delpech, Olivier"]
[Black "Sondermeijer, Damien"]
[Result "1-0"]
[WhiteElo "1660"]
[BlackElo "1297"]
[Annotator "Rivier,Sylvain"]
[PlyCount "133"]
[EventDate "2017.??.??"]
[WhiteTeam "La Dame Noire"]
[BlackTeam "La Dame Noire"]

{Début Réti} 1. Nf3 d5 2. g3 c5 3. Bg2 Nf6 4. d3 Nc6 5. O-O e5 6. c4 d4 7.
Bd2 Be7 8. Re1 O-O 9. e3 Re8 10. exd4 exd4 11. a3 a5 12. Re2 Bd6 13. Bg5 Rxe2
14. Qxe2 Qe7 15. Qxe7 Bxe7 16. Nbd2 Ng4 17. Bf4 Bf5 18. h3 Nf6 19. Ne1 Rd8 20.
g4 Bd7 21. Ne4 Nxe4 22. Bxe4 h6 23. Nf3 a4 24. Re1 Na5 25. Bc7 Rc8 26. Bxa5 Rb8
27. Bxb7 Rxb7 28. Rxe7 Kf8 29. Re2 Bc6 30. Nh4 Rb3 31. Rd2 Kg8 32. Bc7 Kh7 33.
Bd6 g5 34. Nf5 Bd7 35. Ng3 Rb6 36. Bxc5 Re6 37. Re2 Rc6 38. Bxd4 Rd6 39. Bc3
Rxd3 40. Rd2 Rxd2 41. Bxd2 Kg6 42. Bc3 Be6 43. c5 Bd5 44. Ne2 f5 45. Nd4 fxg4
46. hxg4 Kf7 47. Bd2 Kg6 48. c6 Bc4 49. Ba5 Ba6 50. b4 axb3 51. Nxb3 Kf7 52. c7
Ke8 53. Nc5 Ke7 54. Nxa6 Kd7 55. Kf1 Kc8 56. Nc5 h5 57. gxh5 g4 58. Ne4 g3 59.
fxg3 Kd7 60. h6 Ke6 61. c8=Q+ Ke5 62. Qc4 Kf5 63. h7 Kg6 64. h8=Q Kf5 65. Qf6+
Kg4 66. Nf2+ Kh5 67. Qch4# 1-0

[Event "21e tournoi 1hKO"]
[Site "Montigny le Bretonneux"]
[Date "2017.05.27"]
[Round "6.4"]
[White "Couradin, Jean-Marie"]
[Black "Charron, Thomas"]
[Result "0-1"]
[WhiteElo "1624"]
[BlackElo "1550"]
[Annotator "Rivier,Sylvain"]
[PlyCount "68"]
[EventDate "2017.??.??"]
[WhiteTeam "La Dame Noire"]
[BlackTeam "Club d'Echecs du Vesinet"]

{Défense ouest-indienne} 1. d4 Nf6 2. Nf3 e6 3. b3 Be7 4. Bb2 d5 5. e3 O-O 6.
Bd3 c5 7. Nbd2 Nc6 8. c4 cxd4 9. exd4 b6 10. O-O Bb7 11. a3 dxc4 12. bxc4 Qc7
13. Ne5 Nxe5 14. dxe5 Nd7 15. Qe2 Nc5 16. Bc2 Qc6 17. f3 Rfd8 18. Rfd1 Nd7 19.
Ne4 Nc5 20. Rd2 Rxd2 21. Nxd2 Rd8 22. Rd1 Na4 23. Be4 Qc5+ 24. Kf1 Nxb2 25.
Bxb7 Nxd1 26. Qxd1 Qxe5 27. Qc2 Qa1+ 28. Nb1 Bxa3 29. Kf2 Bc5+ 30. Kg3 Qe5+ 31.
f4 Qe3+ 32. Bf3 Rd4 33. Kh3 Qxf4 34. Qf2 Qf5+ 0-1

[Event "21e tournoi 1hKO"]
[Site "Montigny le Bretonneux"]
[Date "2017.05.27"]
[Round "6.5"]
[White "Hogrel, Nicolas"]
[Black "Artieres, Michel"]
[Result "0-1"]
[WhiteElo "2008"]
[BlackElo "1753"]
[Annotator "Rivier,Sylvain"]
[PlyCount "74"]
[EventDate "2017.??.??"]
[WhiteTeam "La Dame Noire"]
[BlackTeam "La Dame Noire"]

{Défense vieille indienne} 1. d4 Nf6 2. c4 d6 3. Nc3 e5 4. dxe5 dxe5 5. Qxd8+
Kxd8 6. Bg5 Be6 7. e3 c6 8. Nf3 Nbd7 9. a3 a5 10. Be2 Kc7 11. O-O Ne8 12. Rac1
f6 13. Bh4 Nb6 14. Ne4 Nd7 15. Nfd2 Nc5 16. f4 Bf5 17. Bf3 exf4 18. exf4 Nd3
19. Rc3 Nxf4 20. Bg3 g5 21. Bh5 Bg6 22. Bxg6 hxg6 23. h4 Rd8 24. hxg5 fxg5 25.
Bxf4+ gxf4 26. Rxf4 Nd6 27. Rb3 Bh6 28. Rf6 Bg7 29. Rxg6 Bd4+ 30. Kf1 Rh1+ 31.
Ke2 Re8 32. Kd3 Nxc4 33. Nxc4 Rd8 34. Ke2 Re8 35. Kd3 Bh8 36. Ng3 Rg1 37. Ne2
Re1 0-1

[Event "21e tournoi 1hKO"]
[Site "Montigny le Bretonneux"]
[Date "2017.05.27"]
[Round "6.6"]
[White "Marchal, Gregory"]
[Black "Talvard, Gerard"]
[Result "0-1"]
[WhiteElo "1500"]
[BlackElo "2002"]
[Annotator "Rivier,Sylvain"]
[PlyCount "61"]
[EventDate "2017.??.??"]
[WhiteTeam "Club d'Echecs du Vesinet"]
[BlackTeam "Echiquier Grenoblois"]

{Partie du pion dame} 1. d4 c5 2. e3 Nf6 3. c3 d5 4. Bd3 Nc6 5. Nd2 cxd4 6.
exd4 Qc7 7. Nb3 Bg4 8. Qd2 e5 9. Bb5 Bd6 10. Qg5 O-O 11. h3 Bd7 12. Ne2 Rfe8
13. O-O exd4 14. Nexd4 a6 15. Bd3 Ne5 16. Bf5 h6 17. Qh4 Ng6 18. Bxg6 fxg6 19.
Bxh6 Kf7 20. Bc1 Rh8 21. Qg5 Rh5 22. Qe3 Re8 23. Qf3 Reh8 24. Ne2 Bg4 25. Qd3
Bh2+ 26. Kh1 Bxh3 27. Ng3 Bf5 28. Nxh5 Bxd3 29. Rd1 Be2 30. Rd4 Rxh5 31. g3 0-1

[Event "21e tournoi 1hKO"]
[Site "Montigny le Bretonneux"]
[Date "2017.05.27"]
[Round "6.7"]
[White "Benbakir, Chouaib"]
[Black "Suinot, Laurent"]
[Result "1-0"]
[WhiteElo "1809"]
[BlackElo "1623"]
[Annotator "Rivier,Sylvain"]
[PlyCount "83"]
[EventDate "2017.??.??"]
[WhiteTeam "La Dame Noire"]
[BlackTeam "Villepreux "]

{Défense française, variante Rubinstein} 1. e4 e6 2. d4 d5 3. Nd2 dxe4 4.
Nxe4 Nd7 5. c3 Ngf6 6. Bd3 Nxe4 7. Bxe4 Nf6 8. Bc2 c5 9. Nf3 b6 10. O-O cxd4
11. Nxd4 Bb7 12. Ba4+ Nd7 13. Qg4 a6 14. Nxe6 fxe6 15. Qxe6+ Be7 16. Re1 b5 17.
Bb3 Rf8 18. Bg5 Nf6 19. Rad1 Qc7 20. Bf4 Bc8 21. Bxc7 Bxe6 22. Bxe6 Ra7 23. Bb6
Rb7 24. Bd4 Nh5 25. Bc8 Rc7 26. Bxa6 b4 27. Bb6 Rc6 28. Bb5 Rff6 29. Bxc6+ Rxc6
30. Bd8 bxc3 31. bxc3 Kf7 32. Bxe7 Rxc3 33. Bb4 Rc7 34. Rd4 Nf6 35. f3 h6 36.
Red1 Rb7 37. a3 Rc7 38. a4 Rb7 39. a5 Ke6 40. Re1+ Kf7 41. Bc5 Nd7 42. Re7+ 1-0

[Event "21e tournoi 1hKO"]
[Site "Montigny le Bretonneux"]
[Date "2017.05.27"]
[Round "6.8"]
[White "Rivier, Sylvain"]
[Black "Tanchoux, Pierre"]
[Result "1-0"]
[WhiteElo "1532"]
[BlackElo "1274"]
[Annotator "Rivier,Sylvain"]
[PlyCount "123"]
[EventDate "2017.??.??"]
[WhiteTeam "La Dame Noire"]
[BlackTeam "La Dame Noire"]

{Défense sicilienne, variante Najdorf} 1. e4 c5 2. Nf3 d6 3. d4 cxd4 4. Nxd4
Nf6 5. Nc3 a6 6. Be2 e6 7. Bg5 Be7 8. O-O Nfd7 9. Bxe7 Qxe7 10. f4 Nc6 11. Nf3
O-O 12. f5 Nf6 13. fxe6 Bxe6 14. Nd5 Bxd5 15. exd5 Ne5 16. Re1 Rfe8 17. c4
Nxf3+ 18. Bxf3 Qxe1+ 19. Qxe1 Rxe1+ 20. Rxe1 Kf8 21. Kf2 b6 22. h3 Nd7 23. Be4
h6 24. Re3 a5 25. a3 Rc8 26. b3 Nc5 27. Bc2 Re8 28. Rxe8+ Kxe8 29. b4 Nb7 30.
Ke3 Ke7 31. h4 Kf6 32. Kf4 g5+ 33. hxg5+ hxg5+ 34. Ke4 Kg6 35. g4 f6 36. Kd4+
Kg7 37. Bf5 axb4 38. axb4 Kf7 39. Be6+ Ke7 40. Bc8 Nd8 41. c5 bxc5+ 42. bxc5
dxc5+ 43. Kxc5 Nf7 44. Kc6 Nd6 45. Be6 Nc4 46. Kc7 Nd6 47. Bf5 Ne8+ 48. Kc6 Kd8
49. Bg6 Ng7 50. Kd6 f5 51. gxf5 g4 52. f6 Ne8+ 53. Bxe8 Kxe8 54. Ke6 g3 55. d6
g2 56. f7+ Kf8 57. d7 g1=Q 58. d8=Q+ Kg7 59. Qf6+ Kh7 60. Qf5+ Qg6+ 61. Qxg6+
Kxg6 62. f8=Q 1-0

[Event "21e tournoi 1hKO"]
[Site "Montigny le Bretonneux"]
[Date "2017.05.27"]
[Round "6.9"]
[White "Sagon, Lancelot"]
[Black "Fasquelle, Cedric"]
[Result "1-0"]
[WhiteElo "1449"]
[BlackElo "1517"]
[Annotator "Rivier,Sylvain"]
[PlyCount "89"]
[EventDate "2017.??.??"]
[WhiteTeam "La Dame Noire"]
[BlackTeam "Saint-Quentin en Yvelines"]

{Défense sicilienne} 1. e4 c5 2. Nf3 e6 3. Nc3 Nc6 4. d3 Nf6 5. g3 b6 6. Bg2
Bb7 7. Bg5 Be7 8. O-O h6 9. Bf4 O-O 10. Re1 Nh5 11. Qd2 Nxf4 12. Qxf4 f5 13. e5
Nb4 14. Re2 Nd5 15. Nxd5 Bxd5 16. c4 Bb7 17. Rd1 Qc7 18. b3 a5 19. Qd2 a4 20.
d4 axb3 21. axb3 Rfd8 22. d5 exd5 23. cxd5 Qc8 24. d6 Bf8 25. Nh4 Bxg2 26. Kxg2
Qc6+ 27. Qd5+ Qxd5+ 28. Rxd5 Ra3 29. Rb2 Kf7 30. f4 Ke6 31. Rd1 b5 32. Rc1 Rc8
33. Kf2 Ra6 34. Ke3 Rac6 35. Rbc2 g5 36. Nf3 gxf4+ 37. gxf4 h5 38. Ne1 Bh6 39.
Nd3 c4 40. bxc4 Rxc4 41. Rxc4 Rxc4 42. Rb1 b4 43. Rxb4 Bxf4+ 44. Nxf4+ Rxf4 45.
Kxf4 1-0

[Event "21e tournoi 1hKO"]
[Site "Montigny le Bretonneux"]
[Date "2017.05.27"]
[Round "6.10"]
[White "Colette, Thierry"]
[Black "Privat, Jean-Claude"]
[Result "0-1"]
[WhiteElo "1371"]
[BlackElo "1633"]
[Annotator "Rivier,Sylvain"]
[PlyCount "100"]
[EventDate "2017.??.??"]
[WhiteTeam "La Dame Noire"]
[BlackTeam "La Dame Noire"]

{Défense française, variante d'échange} 1. e4 e6 2. d4 d5 3. Nc3 Nf6 4. exd5
exd5 5. Nf3 Bf5 6. Be3 Be7 7. Be2 c6 8. O-O O-O 9. Nh4 Be6 10. Nf3 Bf5 11. Nh4
Be6 12. Nf3 Nbd7 13. h3 Ne4 14. Nxe4 dxe4 15. Qd2 exf3 16. Bxf3 Bd5 17. Bxd5
cxd5 18. Qe2 Re8 19. Qg4 Nf6 20. Qf5 Qd7 21. Qd3 Rac8 22. c3 Bd6 23. a4 Bb8 24.
a5 Qd6 25. g3 a6 26. Bf4 Qc6 27. Bg5 Ne4 28. Bh4 Qg6 29. Ra4 Nd6 30. Qxg6 hxg6
31. Rb4 Nf5 32. Rxb7 Nxh4 33. gxh4 Re4 34. f4 Rxf4 35. Rxf4 Bxf4 36. Rd7 Rb8
37. Rxd5 Rxb2 38. Rd8+ Kh7 39. d5 Rb5 40. c4 Rxa5 41. d6 Rc5 42. d7 Bc7 43. Rc8
Bb6 44. Rxc5 Bxc5+ 45. Kf1 Bb6 46. c5 Bc7 47. Ke2 Kg8 48. Kd3 Kf8 49. Kc4 Ke7
50. c6 Kd6 0-1

[Event "21e tournoi 1hKO"]
[Site "Montigny le Bretonneux"]
[Date "2017.05.27"]
[Round "6.11"]
[White "Montay, Jean-Paul"]
[Black "Branson, James"]
[Result "0-1"]
[WhiteElo "1343"]
[BlackElo "1564"]
[Annotator "Rivier,Sylvain"]
[PlyCount "68"]
[EventDate "2017.??.??"]
[WhiteTeam "La Dame Noire"]
[BlackTeam "La Dame Noire"]

{Ouverture anglaise, variante symétrique, système Rubinstein} 1. c4 c5 2. Nc3
Nf6 3. g3 d5 4. cxd5 Nxd5 5. Bg2 Nc7 6. Nf3 Nc6 7. O-O e5 8. e3 Be6 9. b3 f6
10. a3 Qd7 11. Re1 Bh3 12. Bh1 Qd3 13. Qe2 e4 14. Qxd3 exd3 15. e4 O-O-O 16.
Bb2 g5 17. Nd5 g4 18. Bxf6 gxf3 19. Nxc7 Nd4 20. Bxd4 Rxd4 21. Nb5 Rd7 22.
Nxa7+ Kb8 23. Nb5 Bh6 24. e5 Bxd2 25. Red1 Bg5 26. Nd6 h5 27. Rxd3 h4 28. Rxf3
hxg3 29. Rxg3 Bf4 30. Rd3 Bxe5 31. Rad1 Rxd6 32. Be4 Rg8+ 33. Kh1 Rxd3 34. Rxd3
Rh8 0-1

[Event "21e tournoi 1hKO"]
[Site "Montigny le Bretonneux"]
[Date "2017.05.27"]
[Round "6.12"]
[White "Benbakir, Ameur"]
[Black "Sondermeijer, Antoine"]
[Result "1/2-1/2"]
[WhiteElo "1486"]
[BlackElo "1399"]
[Annotator "Rivier,Sylvain"]
[PlyCount "118"]
[EventDate "2017.??.??"]
[WhiteTeam "La Dame Noire"]
[BlackTeam "La Dame Noire"]

{Défense Pirc, variante classique} 1. e4 d6 2. Nf3 Nf6 3. Nc3 g6 4. d4 Bg7 5.
h3 O-O 6. Be3 b6 7. Qd2 Bb7 8. Bd3 Nbd7 9. Bh6 e5 10. Bxg7 Kxg7 11. d5 Nc5 12.
Qe3 a6 13. Nd2 Qd7 14. f3 Nh5 15. Ne2 c6 16. g4 Nf6 17. dxc6 Nxd3+ 18. Qxd3
Qxc6 19. g5 Nd7 20. Nc3 Nc5 21. Qe3 Rac8 22. Nd5 Qb5 23. b3 Bxd5 24. exd5 Nd7
25. c4 Qc5 26. Ke2 f5 27. gxf6+ Rxf6 28. Qxc5 Nxc5 29. Rhg1 Rf4 30. Rg4 Rcf8
31. Rag1 a5 32. h4 R8f5 33. R1g3 Rh5 34. Ke3 Rxh4 35. a3 Rfxg4 36. Rxg4 Rxg4
37. fxg4 Nd7 38. Ne4 Nf6 39. Nxd6 Nxg4+ 40. Kf3 h5 41. b4 axb4 42. axb4 Nf6 43.
Ne4 Nd7 44. c5 bxc5 45. bxc5 Kf7 46. c6 Nb6 47. c7 Ke7 48. d6+ Kd7 49. Kg3 Nc8
50. Kh4 Nxd6 51. Nxd6 Kxc7 52. Ne4 Kd7 53. Kg5 Ke6 54. Kxg6 h4 55. Kg5 Kd5 56.
Nf6+ Ke6 57. Kxh4 Kxf6 58. Kg3 Kf5 59. Kf3 e4+ 1/2-1/2

[Event "21e tournoi 1hKO"]
[Site "Montigny le Bretonneux"]
[Date "2017.05.27"]
[Round "6.13"]
[White "Trevisiol, Antoine"]
[Black "Payot, Guillaume"]
[Result "1-0"]
[WhiteElo "1194"]
[BlackElo "1273"]
[Annotator "Rivier,Sylvain"]
[PlyCount "101"]
[EventDate "2017.??.??"]
[WhiteTeam "Maubuee-Gondoire Echecs"]
[BlackTeam "La Dame Noire"]

{Défense Nimzo-indienne, variante Spielmann} 1. d4 Nf6 2. c4 e6 3. Nc3 Bb4 4.
Qb3 Bxc3+ 5. Qxc3 O-O 6. Bg5 d5 7. Nf3 h6 8. Bxf6 Qxf6 9. e3 Nc6 10. cxd5 exd5
11. Qb3 Rd8 12. Bd3 Rb8 13. h3 Bf5 14. Bxf5 Qxf5 15. O-O Rd6 16. Rfc1 Qe4 17.
Rc3 Rg6 18. Rac1 Qxf3 19. g3 Rf6 20. Rxc6 Qxf2+ 21. Kh1 Qf3+ 22. Kh2 Qe2+ 23.
Kg1 Rf2 24. R6c2 Qh5 25. Rxf2 Qxh3 26. Qxd5 Qxg3+ 27. Kf1 Qh3+ 28. Ke2 Qg4+ 29.
Qf3 Qd7 30. Qf5 Qe7 31. Rg1 Rd8 32. Qf6 Qxf6 33. Rxf6 Kf8 34. Rf5 Rd6 35. Rb5
b6 36. Rc1 c6 37. Rb3 g5 38. Rbc3 Rd8 39. Rxc6 h5 40. Rh6 h4 41. Rg1 Rd5 42.
Kd3 a5 43. e4 Rb5 44. a4 Rb3+ 45. Kc4 Rxb2 46. Rxg5 Rb4+ 47. Kc3 Rxa4 48. Rxh4
Rb4 49. d5 b5 50. d6 Rc4+ 51. Kd3 1-0

[Event "21e tournoi 1hKO"]
[Site "Montigny le Bretonneux"]
[Date "2017.05.27"]
[Round "6.15"]
[White "Vo, Bao Nam"]
[Black "Carbonero, Jean Marc"]
[Result "0-1"]
[WhiteElo "1110"]
[BlackElo "1136"]
[Annotator "Rivier,Sylvain"]
[PlyCount "98"]
[EventDate "2017.??.??"]
[WhiteTeam "La Dame Noire"]
[BlackTeam "Saint-Quentin en Yvelines"]

{Partie italienne} 1. e4 e5 2. Nf3 Nc6 3. Bc4 Bc5 4. Ng5 Qxg5 5. d3 Qxg2 6. Rf1
Nge7 7. Nc3 O-O 8. Be3 Bxe3 9. fxe3 Qxh2 10. Qf3 Qh4+ 11. Rf2 Nd8 12. O-O-O Ne6
13. d4 Qf6 14. Qg3 Qg6 15. Qxe5 f6 16. Bxe6+ dxe6 17. Rdf1 f5 18. exf5 exf5 19.
Qxe7 Be6 20. e4 Rf7 21. Qc5 b6 22. Qc6 Raf8 23. d5 Qh6+ 24. Kb1 Bc8 25. Qxh6
gxh6 26. Rg1+ Kh8 27. b4 fxe4 28. Nxe4 Rxf2 29. Nxf2 Rxf2 30. c4 h5 31. Rh1
Bf5+ 32. Ka1 Bg6 33. Rd1 h4 34. Rh1 Rf4 35. c5 Be4 36. Rh3 Bxd5 37. a4 Rxb4 38.
cxb6 Rxa4+ 39. Kb2 cxb6 40. Rd3 Rb4+ 41. Kc2 Rc4+ 42. Kd2 Bc6 43. Re3 h3 44.
Re1 Bd5 45. Re8+ Kg7 46. Re7+ Kg6 47. Re2 Rd4+ 48. Ke1 Re4 49. Rxe4 Bxe4 {
suite illisible} 0-1